000 00372nam a2200145Ia 4500
008 230917s9999||||xx |||||||||||||| ||und||
040 _e23130
_aMAIN
041 _aEnglish
082 _a330.122 H95C
100 _aHusain, Zakir
245 0 _aCapitalism: Essays in understanding
260 _aBombay
_bAsia Publishing House
_c1967
300 _avii, 204 p.
942 _cBK
999 _c227774
_d227774